|
|
|
|
| LEADER |
00000nab a2200000u 4500 |
| 001 |
vtls012137643 |
| 003 |
SK-MaSNL |
| 005 |
20260318124840.0 |
| 008 |
220601|2022 xo ||||||| ||00 ||hun| |
| 038 |
|
|
|a KEVKJB
|
| 040 |
|
|
|a KEVKJB
|b slo
|e rda
|
| 041 |
0 |
|
|a hun
|
| 043 |
|
|
|a e-xo---
|
| 044 |
|
|
|a xo
|c SK
|
| 072 |
|
7 |
|a 32
|x Politika
|2 konspekt
|
| 080 |
|
|
|a 32-051
|2 2011
|
| 100 |
1 |
|
|a Balassa, Zoltán,
|d 1949-
|4 aut
|9 502859
|
| 245 |
1 |
0 |
|a Monográfia Tost László életéről
|c Balassa Zoltán
|
| 300 |
|
|
|b Fotografie
|
| 336 |
|
|
|a text
|b txt
|2 rdacontent
|
| 337 |
|
|
|a bez média
|b n
|2 rdamedia
|
| 338 |
|
|
|a zväzok
|b nc
|2 rdacarrier
|
| 600 |
1 |
7 |
|a Szeghy-Gayer, Veronika,
|d 1986-
|t Tost László, Kassa polgármestere
|2 kevkjb
|9 1110630
|
| 600 |
1 |
7 |
|a Tost, László,
|d 1875-1945
|2 kevkjb
|9 622680
|
| 610 |
2 |
7 |
|a Múzeum Vojtecha Löfflera
|2 SNKKA
|9 234955
|
| 650 |
0 |
7 |
|a politici
|2 SNKPH
|9 2679
|
| 650 |
0 |
7 |
|a starostovia
|2 SNKPH
|9 29670
|
| 650 |
0 |
7 |
|a prezentácie kníh
|2 kevkjb
|9 840434
|
| 651 |
|
7 |
|a Košice (Slovensko)
|2 SNKPHgeo
|9 18694
|
| 773 |
0 |
|
|t Kassai Figyelő
|g Évf. XX, sz. 5 (2022), o. 19
|x 1339-0945
|
| 852 |
|
|
|a KEVKJB
|b KIS3GCP
|
| 958 |
|
|
|a HU
|
| 999 |
|
|
|c 2251900
|d 2253830
|